| 000 | 00402pab a2200157 454500 | ||
|---|---|---|---|
| 008 | 180718b1984 xxu||||| |||| 00| 0 eng d | ||
| 100 | _aDhesi, Autar S. | ||
| 245 | _aAspects of financing state plans (with special reference to Punjab) | ||
| 260 | _c1984 | ||
| 300 | _a31-43 | ||
| 362 | _aApr. | ||
| 650 | _aTaxation - India - Punjab | ||
| 700 | _aB.S. Ghuman | ||
| 773 | _aMargin | ||
| 909 | _a19023 | ||
| 999 |
_c19023 _d19023 |
||